00421nam a22001457a 450000500170000001000150001702000270003203500130005903700130007224500460008526000360013127000710016730000200023870000170025820150610120919.0 aENG-112958 c840.00 a9789381904237 aEN-96490 bDBAD/PUB aEssays on china /cedited by Jasjit singh aNew DelhibKalpana shuklac2012 b New Delhie110002a4676/21, First Floor, Ansari Road, Daryaganj,  a304p.c23cm(Hb) aJasjit Singh